000 00210 a2200097 4500
001 49626
100 _aHamilton
245 _aMojority 1931-1952
260 _aLondon
_bHamish Hamilton
_c
090 _c32142
_d32142
942 _aNUST-CAE
_cM
_c24606
999 _c284699
_d284699